| 000 | 00369nam a2200121Ia 4500 | ||
|---|---|---|---|
| 008 | 170224s9999 xx 000 0 und d | ||
| 245 | _aConditional or unconditional? The effects of implementation intentions on driver behavior. | ||
| 260 | _bJournal of Experimental Psychology: Applied | ||
| 260 | _c2016 | ||
| 300 | _a22:1 | ||
| 500 | _aMarch | ||
| 650 | _xPsychology. | ||
| 999 |
_c316427 _d316427 |
||